[Event "XXVIII Torneo Magistral Internacional de Elgoibar"]
[Site "Elgoibar"]
[Date "2018.12.15"]
[Round "6.2"]
[White "Martinez Fernandez, Adrian"]
[Black "Moreno Ruiz, Javier"]
[Result "0-1"]
[WhiteTitle "FM"]
[BlackTitle "IM"]
[WhiteFideId "32049048"]
[BlackFideId "2203146"]
[WhiteElo "2212"]
[BlackElo "2450"]

1. e4 {[%emt 14:33:16]} c5 {[%emt 00:00:44]} 2. Nf3 {[%emt 00:00:10]} Nc6
{[%emt 00:00:06]} 3. d4 {[%emt 00:00:07]} cxd4 {[%emt 00:00:06]} 4. Nxd4 {[%emt
00:00:08]} g6 {[%emt 00:00:10]} 5. c4 {[%emt 00:00:14]} Bg7 {[%emt 00:02:03]} 6.
Be3 {[%emt 00:00:13]} Nf6 {[%emt 00:00:27]} 7. Nc3 {[%emt 00:00:10]} Ng4 {[%emt
00:01:16]} 8. Qxg4 {[%emt 00:00:09]} Nxd4 {[%emt 00:00:05]} 9. Qd1 {[%emt
00:00:12]} Ne6 {[%emt 00:00:06]} 10. Be2 {[%emt 00:08:26]} Bxc3+ {[%emt
00:02:14]} 11. bxc3 {[%emt 00:00:08]} d6 {[%emt 00:00:25]} 12. O-O {[%emt
00:02:56]} Qa5 {[%emt 00:09:33]} 13. Qc2 {[%emt 00:14:49]} Bd7 {[%emt
00:05:22]} 14. f4 {[%emt 00:00:27]} Bc6 {[%emt 00:09:47]} 15. Bd4 {[%emt
00:17:13]} f6 {[%emt 00:01:19]} 16. h4 {[%emt 00:11:37]} Rg8 {[%emt 00:05:12]}
17. Bg4 {[%emt 00:04:29]} Nc5 {[%emt 00:09:24]} 18. Rae1 {[%emt 00:00:16]} Qa4
{[%emt 00:21:44]} 19. Qxa4 {[%emt 00:02:43]} Bxa4 {[%emt 00:06:39]} 20. e5
{[%emt 00:01:06]} f5 {[%emt 00:00:52]} 21. exd6 {[%emt 00:01:59]} Ne4 {[%emt
00:00:06]} 22. c5 {[%emt 00:07:21]} Bc6 {[%emt 00:05:56]} 23. Bf3 {[%emt
00:03:08]} exd6 {[%emt 00:00:42]} 24. Bxe4 {[%emt 00:00:10]} Bxe4 {[%emt
00:00:10]} 25. cxd6 {[%emt 00:00:05]} Kd7 {[%emt 00:00:09]} 26. Be5 {[%emt
00:00:31]} Rac8 {[%emt 00:01:13]} 27. Rf2 {[%emt 00:00:13]} Rc5 {[%emt
00:01:08]} 28. Rb2 {[%emt 00:00:31]} b6 {[%emt 00:00:24]} 29. Rd1 {[%emt
00:04:42]} h6 {[%emt 00:01:02]} 30. g3 {[%emt 00:01:55]} Rgc8 {[%emt 00:00:59]}
31. Rdd2 {[%emt 00:00:55]} h5 {[%emt 00:01:09]} 32. Kf2 {[%emt 00:00:26]} Ra5
{[%emt 00:00:13]} 33. Ke2 {[%emt 00:14:24]} Rcc5 {[%emt 00:00:21]} 34. Kd1
{[%emt 00:00:56]} Ra3 {[%emt 00:00:56]} 35. Rb3 {[%emt 00:00:16]} Ra4 {[%emt
00:00:14]} 36. Rb4 {[%emt 00:00:42]} Ra3 {[%emt 00:04:16]} 37. Rb3 {[%emt
00:00:02]} Ra6 {[%emt 00:00:24]} 38. Rbb2 {[%emt 00:02:30]} Rca5 {[%emt
00:00:16]} 39. Kc1 {[%emt 00:00:02]} Ra3 {[%emt 00:00:16]} 40. Bf6 {[%emt
00:00:43]} R6a5 {[%emt 00:00:19]} 41. Be5 {[%emt 00:00:23]} Rc5 {[%emt
00:02:59]} 42. Rb3 {[%emt 00:00:13]} Ra4 {[%emt 00:00:15]} 43. Rbb2 {[%emt
00:00:43]} Rca5 {[%emt 00:01:10]} 44. Bf6 {[%emt 00:00:11]} Bd5 {[%emt
00:00:36]} 45. Kb1 {[%emt 00:00:36]} Re4 {[%emt 00:00:44]} 46. Re2 {[%emt
00:00:32]} Kxd6 {[%emt 00:00:40]} 47. Bd4 {[%emt 00:01:19]} Bc4 {[%emt
00:01:37]} 48. Red2 {[%emt 00:01:01]} Re1+ {[%emt 00:00:25]} 49. Kc2 {[%emt
00:00:04]} Kc6 {[%emt 00:00:29]} 50. Be5 {[%emt 00:00:18]} Rd5 {[%emt
00:00:56]} 51. Rb4 {[%emt 00:00:44]} Bxa2 {[%emt 00:03:45]} 52. c4 {[%emt
00:00:21]} Rxd2+ {[%emt 00:01:19]} 53. Kxd2 {[%emt 00:00:02]} Rg1 {[%emt
00:00:27]} 54. Ra4 {[%emt 00:00:41]} a5 {[%emt 00:00:27]} 55. Ke3 {[%emt
00:03:13]} Bb3 {[%emt 00:00:27]} 56. Ra3 {[%emt 00:00:37]} Bxc4 {[%emt
00:00:43]} 57. Kd4 {[%emt 00:00:09]} Kb5 {[%emt 00:01:23]} 58. Bc7 {[%emt
00:00:48]} Re1 {[%emt 00:01:08]} 59. Rf3 {[%emt 00:00:44]} Re4+ {[%emt
00:00:11]} 60. Kc3 {[%emt 00:00:07]} Be2 {[%emt 00:00:11]} 61. Rf2 {[%emt
00:00:09]} Rc4+ {[%emt 00:00:03]} 62. Kb2 {[%emt 00:00:05]} Rxc7 {[%emt
00:00:09]} 63. Rxe2 {[%emt 00:00:04]} a4 {[%emt 00:00:19]} 64. Re6 {[%emt
00:00:02]} Rc6 {[%emt 00:00:07]} 65. Re5+ {[%emt 00:00:46]} Kb4 {[%emt
00:00:08]} 66. Rd5 {[%emt 00:00:03]} a3+ {[%emt 00:00:15]} 67. Ka2 {[%emt
00:00:31]} Rc2+ {[%emt 00:00:22]} 68. Kb1 {[%emt 00:00:04]} Rc3 {[%emt
00:00:15]} 69. Rd6 {[%emt 00:00:05]} b5 {[%emt 00:00:07]} 70. Rb6 {[%emt
00:00:14]} Rxg3 {[%emt 00:00:11]} 71. Rd6 {[%emt 00:00:22]} Rg2 {[%emt
00:00:18]} 72. Re6 {[%emt 00:00:35]} Ka4 {[%emt 00:00:11]} 73. Rd6 {[%emt
00:00:32]} b4 {[%emt 00:00:10]} 74. Rd4 {[%emt 00:00:03]} Kb3 {[%emt 00:00:07]}
75. Rd1 {[%emt 00:00:14]} Kc3 {[%emt 00:00:58]} 76. Re1 {[%emt 00:00:41]} b3
{[%emt 00:00:14]} 77. Re3+ {[%emt 00:00:01]} Kb4 {[%emt 00:00:30]} 78. Re1
{[%emt 00:00:04]} a2+ {[%emt 00:00:25]} 79. Ka1 {[%emt 00:00:05]} Ka3 {[%emt
00:00:06]} 0-1

[Event "XXVIII Torneo Magistral Internacional de Elgoibar"]
[Site "Elgoibar"]
[Date "2018.12.15"]
[Round "6.4"]
[White "Suarez Garcia, Carlos"]
[Black "Oratovsky, Michael"]
[Result "1/2-1/2"]
[WhiteTitle "IM"]
[BlackTitle "GM"]
[WhiteFideId "22230858"]
[BlackFideId "2802090"]
[WhiteElo "2449"]
[BlackElo "2464"]

1. d4 {[%emt 00:04:13]} d6 {[%emt 00:08:35]} 2. Nf3 {[%emt 00:00:30]} Nf6
{[%emt 00:00:48]} 3. c4 {[%emt 00:00:50]} g6 {[%emt 00:00:34]} 4. Nc3 {[%emt
00:01:21]} Nbd7 {[%emt 00:00:33]} 5. e3 {[%emt 00:00:34]} Bg7 {[%emt 00:00:14]}
6. Be2 {[%emt 00:00:20]} O-O {[%emt 00:00:14]} 7. O-O {[%emt 00:01:32]} e5
{[%emt 00:00:11]} 8. b4 {[%emt 00:01:57]} Re8 {[%emt 00:01:27]} 9. b5 {[%emt
00:00:09]} exd4 {[%emt 00:00:46]} 10. exd4 {[%emt 00:00:24]} Nf8 {[%emt
00:06:24]} 11. a4 {[%emt 00:00:05]} 1/2-1/2

[Event "XXVIII Torneo Magistral Internacional de Elgoibar"]
[Site "Elgoibar"]
[Date "2018.12.15"]
[Round "6.5"]
[White "Starostits, Ilmars"]
[Black "Strikovic, Aleksa"]
[Result "1/2-1/2"]
[WhiteTitle "GM"]
[BlackTitle "GM"]
[WhiteFideId "11600748"]
[BlackFideId "900150"]
[WhiteElo "2458"]
[BlackElo "2488"]

1. d4 {[%emt 00:04:06]} Nf6 {[%emt 00:01:27]} 2. Nf3 {[%emt 00:00:09]} e6
{[%emt 00:00:23]} 3. e3 {[%emt 00:00:34]} Be7 {[%emt 00:00:33]} 4. Bd3 {[%emt
00:00:13]} d5 {[%emt 00:00:07]} 5. O-O {[%emt 00:00:13]} O-O {[%emt 00:00:18]}
6. Nbd2 {[%emt 00:00:16]} b6 {[%emt 00:01:28]} 7. b3 {[%emt 00:01:14]} Bb7
{[%emt 00:01:12]} 8. Bb2 {[%emt 00:00:05]} Nbd7 {[%emt 00:01:50]} 9. Ne5 {[%emt
00:01:09]} Ne4 {[%emt 00:03:18]} 10. Nxd7 {[%emt 00:01:19]} Qxd7 {[%emt
00:00:08]} 11. f3 {[%emt 00:00:13]} Nxd2 {[%emt 00:00:09]} 12. Qxd2 {[%emt
00:00:05]} f5 {[%emt 00:00:29]} 13. f4 {[%emt 00:00:34]} c5 {[%emt 00:01:12]}
14. Rad1 {[%emt 00:02:06]} Rac8 {[%emt 00:01:18]} 15. c4 {[%emt 00:00:48]} Rfd8
{[%emt 00:00:42]} 16. Qe2 {[%emt 00:00:29]} Qe8 {[%emt 00:00:37]} 1/2-1/2

[Event "XXVIII Torneo Magistral Internacional de Elgoibar"]
[Site "Elgoibar"]
[Date "2018.12.16"]
[Round "7.1"]
[White "Strikovic, Aleksa"]
[Black "Huerga Leache, Mikel"]
[Result "1/2-1/2"]
[WhiteTitle "GM"]
[BlackTitle "IM"]
[WhiteFideId "900150"]
[BlackFideId "2268795"]
[WhiteElo "2488"]
[BlackElo "2448"]

1. Nf3 {[%emt 05:14:01]} d5 2. g3 c6 3. Bg2 Nf6 4. d3 Bg4 5. Nbd2 Nbd7 6. h3
Bxf3 7. Nxf3 e6 8. O-O Be7 9. c4 O-O 10. b3 Re8 11. Bb2 Bf8 12. Ne5 Nxe5 13.
Bxe5 Bd6 14. Bb2 {[%emt 00:00:26]} Qe7 {[%emt 00:04:15]} 15. e3 {[%emt
00:00:46]} Ba3 {[%emt 00:01:07]} 1/2-1/2

[Event "XXVIII Torneo Magistral Internacional de Elgoibar"]
[Site "Elgoibar"]
[Date "2018.12.16"]
[Round "7.2"]
[White "Oratovsky, Michael"]
[Black "Starostits, Ilmars"]
[Result "1-0"]
[WhiteTitle "GM"]
[BlackTitle "GM"]
[WhiteFideId "2802090"]
[BlackFideId "11600748"]
[WhiteElo "2464"]
[BlackElo "2458"]

1. e4 {[%emt 03:09:45]} c6 2. d4 d5 3. Nd2 dxe4 4. Nxe4 Bf5 5. Ng3 Bg6 6. Nh3
e6 7. Nf4 Bd6 8. c3 Nf6 9. h4 Bxf4 10. Bxf4 h6 11. h5 Bh7 12. Qb3 {[%emt
00:00:18]} Qb6 {[%emt 00:00:33]} 13. Qa3 {[%emt 00:12:37]} Nbd7 {[%emt
00:12:15]} 14. Rd1 {[%emt 00:05:07]} Rd8 {[%emt 00:05:04]} 15. Bd6 {[%emt
00:05:21]} Ne4 {[%emt 00:04:10]} 16. Nxe4 {[%emt 00:04:14]} Bxe4 17. Rh4 {[%emt
00:21:59]} Bf5 {[%emt 00:04:35]} 18. Bb4 {[%emt 00:01:58]} Qc7 {[%emt
00:02:46]} 19. Qxa7 {[%emt 00:01:03]} Rc8 {[%emt 00:00:11]} 20. g3 {[%emt
00:10:09]} g5 {[%emt 00:03:01]} 21. hxg6 {[%emt 00:00:43]} fxg6 {[%emt
00:00:03]} 22. Qa3 {[%emt 00:03:48]} g5 {[%emt 00:01:23]} 23. Bd6 {[%emt
00:01:31]} Qb6 {[%emt 00:00:16]} 24. Rh2 {[%emt 00:00:51]} Kf7 {[%emt
00:03:29]} 25. Qb4 {[%emt 00:04:42]} Qxb4 {[%emt 00:00:34]} 26. Bxb4 {[%emt
00:00:14]} Ra8 {[%emt 00:00:03]} 27. a3 {[%emt 00:00:30]} b5 {[%emt 00:00:04]}
28. Bg2 {[%emt 00:02:51]} Rac8 {[%emt 00:00:33]} 29. Kd2 {[%emt 00:01:18]} Nb6
{[%emt 00:02:03]} 30. Kc1 {[%emt 00:00:11]} Nd5 {[%emt 00:00:08]} 31. Bd6
{[%emt 00:00:35]} h5 {[%emt 00:00:30]} 32. Be5 {[%emt 00:00:24]} Rh7 {[%emt
00:00:16]} 33. Rdh1 {[%emt 00:00:37]} Kg6 {[%emt 00:01:20]} 34. f3 {[%emt
00:00:27]} g4 {[%emt 00:01:47]} 35. fxg4 {[%emt 00:00:58]} Bxg4 {[%emt
00:00:17]} 36. Be4+ {[%emt 00:00:17]} Bf5 {[%emt 00:00:23]} 37. Bf3 {[%emt
00:00:09]} Nf6 {[%emt 00:00:53]} 38. Bxf6 {[%emt 00:00:37]} Kxf6 {[%emt
00:00:03]} 39. Rxh5 {[%emt 00:00:28]} Rxh5 {[%emt 00:00:05]} 40. Rxh5 {[%emt
00:00:20]} c5 {[%emt 00:00:54]} 41. g4 {[%emt 00:00:49]} cxd4 {[%emt 00:00:13]}
42. gxf5 {[%emt 00:00:08]} exf5 {[%emt 00:00:16]} 43. Rh6+ {[%emt 00:00:39]}
Ke5 {[%emt 00:00:07]} 44. Rc6 {[%emt 00:00:15]} Kd5 {[%emt 00:00:19]} 1-0

[Event "XXVIII Torneo Magistral Internacional de Elgoibar"]
[Site "Elgoibar"]
[Date "2018.12.16"]
[Round "7.3"]
[White "Ambartsumova, Karina"]
[Black "Suarez Garcia, Carlos"]
[Result "1-0"]
[WhiteTitle "WGM"]
[BlackTitle "IM"]
[WhiteFideId "4166299"]
[BlackFideId "22230858"]
[WhiteElo "2383"]
[BlackElo "2449"]

1. d4 {[%emt 06:00:11]} d5 2. c4 e6 3. Nf3 c6 4. Qc2 dxc4 5. Qxc4 Nf6 6. Bg5 b5
7. Qc2 Bb7 8. e4 Nbd7 9. Nc3 a6 10. e5 h6 11. Bd2 {[%emt 00:09:09]} Nd5 {[%emt
00:00:39]} 12. a4 {[%emt 00:06:25]} b4 {[%emt 00:09:24]} 13. Nxd5 {[%emt
00:10:00]} cxd5 {[%emt 00:00:48]} 14. Bd3 {[%emt 00:01:27]} Rc8 {[%emt
00:06:35]} 15. Qd1 {[%emt 00:01:08]} Be7 {[%emt 00:06:21]} 16. O-O {[%emt
00:04:29]} a5 {[%emt 00:05:57]} 17. Qe2 {[%emt 00:03:59]} Nb8 {[%emt 00:00:07]}
18. Be3 {[%emt 00:01:52]} Qb6 {[%emt 00:01:43]} 19. Nd2 {[%emt 00:05:36]} g6
{[%emt 00:18:30]} 20. Nb3 {[%emt 00:05:48]} h5 {[%emt 00:01:57]} 21. Rfc1
{[%emt 00:10:51]} Nc6 {[%emt 00:08:03]} 22. Bb5 {[%emt 00:02:28]} O-O {[%emt
00:01:14]} 23. Bd3 {[%emt 00:05:57]} Kg7 {[%emt 00:01:50]} 24. Qd2 {[%emt
00:00:34]} Rh8 {[%emt 00:01:50]} 25. Bg5 {[%emt 00:05:06]} Rhe8 {[%emt
00:08:56]} 26. Qf4 {[%emt 00:01:17]} Bxg5 {[%emt 00:04:53]} 27. Qxg5 {[%emt
00:00:01]} Nxd4 {[%emt 00:01:46]} 28. Rxc8 {[%emt 00:01:26]} Bxc8 {[%emt
00:00:34]} 29. Qe3 {[%emt 00:00:03]} Ba6 {[%emt 00:02:55]} 30. Bxa6 Qxa6 31.
Nxd4 Rc8 32. Rc1 {[%emt 00:00:19]} Rxc1+ {[%emt 00:00:25]} 33. Qxc1 {[%emt
00:00:02]} Qd3 {[%emt 00:00:04]} 34. Nf3 {[%emt 00:00:59]} Qb3 {[%emt
00:01:12]} 35. Qa1 {[%emt 00:01:07]} Qd3 {[%emt 00:00:08]} 36. h4 {[%emt
00:00:13]} b3 {[%emt 00:00:17]} 37. Qe1 {[%emt 00:01:19]} Qc4 {[%emt 00:00:28]}
38. Qa1 {[%emt 00:00:34]} d4 {[%emt 00:01:19]} 39. Qd1 {[%emt 00:00:01]} d3
{[%emt 00:00:19]} 40. Ne1 {[%emt 00:00:13]} Qxh4 {[%emt 00:00:31]} 41. Qxb3
{[%emt 00:01:20]} d2 {[%emt 00:01:00]} 42. Nf3 {[%emt 00:00:02]} Qb4 {[%emt
00:01:23]} 43. Qxb4 {[%emt 00:00:26]} d1=Q+ {[%emt 00:00:04]} 44. Qe1 Qxa4
{[%emt 00:00:05]} 45. Qd2 {[%emt 00:00:35]} Qb5 {[%emt 00:00:31]} 46. Qc3
{[%emt 00:00:38]} a4 {[%emt 00:00:14]} 47. Ng5 {[%emt 00:00:43]} Qe2 {[%emt
00:00:33]} 48. Qd4 {[%emt 00:00:40]} Qe1+ {[%emt 00:01:03]} 49. Kh2 {[%emt
00:00:02]} Qc1 {[%emt 00:00:04]} 50. Nf3 {[%emt 00:00:43]} Qc2 {[%emt
00:00:03]} 51. Qd2 {[%emt 00:00:33]} Qe4 {[%emt 00:00:05]} 52. Qg5 {[%emt
00:00:15]} 1-0

[Event "XXVIII Torneo Magistral Internacional de Elgoibar"]
[Site "Elgoibar"]
[Date "2018.12.16"]
[Round "7.4"]
[White "Moreno Ruiz, Javier"]
[Black "Napoli, Nicolo"]
[Result "1-0"]
[WhiteTitle "IM"]
[BlackTitle "FM"]
[WhiteFideId "2203146"]
[BlackFideId "813702"]
[WhiteElo "2450"]
[BlackElo "2289"]

1. d4 {[%emt 05:57:22]} Nf6 2. c4 e6 3. Nc3 Bb4 4. e3 b6 5. Nge2 c5 6. a3 Ba5 7.
Rb1 Na6 8. g3 Bb7 9. d5 b5 10. Bg2 bxc4 11. O-O O-O 12. e4 Re8 {[%emt
00:16:24]} 13. Bg5 {[%emt 00:05:23]} exd5 {[%emt 00:04:53]} 14. Nxd5 {[%emt
00:03:26]} Bxd5 {[%emt 00:00:31]} 15. Bxf6 {[%emt 00:00:18]} Qxf6 {[%emt
00:00:04]} 16. Qxd5 {[%emt 00:00:12]} Qe6 {[%emt 00:01:37]} 17. Rfd1 {[%emt
00:02:24]} Qxd5 {[%emt 00:04:14]} 18. Rxd5 {[%emt 00:00:05]} Rab8 {[%emt
00:00:17]} 19. Rxd7 {[%emt 00:11:32]} c3 {[%emt 00:01:01]} 20. Rxa7 {[%emt
00:07:39]} Rxb2 {[%emt 00:03:59]} 21. Nxc3 {[%emt 00:00:29]} Bxc3 {[%emt
00:00:38]} 22. Rxb2 {[%emt 00:00:06]} Bxb2 {[%emt 00:00:03]} 23. Rxa6 {[%emt
00:00:06]} g6 {[%emt 00:00:50]} 24. a4 {[%emt 00:07:49]} Rc8 {[%emt 00:04:14]}
25. Bh3 {[%emt 00:02:11]} Rc7 {[%emt 00:00:20]} 26. Rb6 {[%emt 00:08:55]} Bd4
{[%emt 00:11:36]} 27. Rd6 {[%emt 00:00:56]} Kf8 {[%emt 00:00:58]} 28. Rd7
{[%emt 00:01:08]} Rxd7 {[%emt 00:08:40]} 29. Bxd7 {[%emt 00:00:08]} c4 {[%emt
00:00:01]} 30. Bb5 {[%emt 00:01:15]} c3 {[%emt 00:00:04]} 31. Bd3 {[%emt
00:00:06]} Ke7 {[%emt 00:01:14]} 32. Kf1 {[%emt 00:00:16]} Kd6 {[%emt
00:00:19]} 33. Ke2 {[%emt 00:01:26]} Bb6 {[%emt 00:02:28]} 34. f4 {[%emt
00:01:59]} f6 {[%emt 00:00:26]} 35. Bc2 {[%emt 00:04:36]} h6 {[%emt 00:05:11]}
36. h3 {[%emt 00:01:27]} Ke6 {[%emt 00:02:47]} 37. Bb3+ {[%emt 00:04:42]} Kd6
{[%emt 00:01:13]} 38. Kd3 {[%emt 00:00:40]} Bf2 {[%emt 00:00:41]} 39. g4 {[%emt
00:00:12]} Be1 {[%emt 00:01:30]} 40. e5+ {[%emt 00:05:35]} fxe5 {[%emt
00:00:04]} 41. f5 {[%emt 00:00:05]} gxf5 {[%emt 00:01:25]} 42. gxf5 {[%emt
00:01:47]} h5 {[%emt 00:01:14]} 43. Ke4 {[%emt 00:01:16]} Bf2 {[%emt 00:01:19]}
44. Bc2 {[%emt 00:01:56]} Bb6 {[%emt 00:01:16]} 45. Kd3 {[%emt 00:00:01]} Kd5
{[%emt 00:00:59]} 46. Bb3+ {[%emt 00:00:53]} Kc5 {[%emt 00:00:17]} 47. Bd1
{[%emt 00:04:19]} h4 {[%emt 00:01:01]} 48. Ke4 {[%emt 00:00:46]} Kd6 {[%emt
00:00:10]} 49. Bc2 {[%emt 00:00:11]} Ba5 {[%emt 00:00:21]} 50. Kf3 {[%emt
00:00:38]} Bd8 {[%emt 00:01:32]} 51. Bb3 {[%emt 00:01:38]} Bb6 {[%emt
00:01:07]} 52. Ke4 {[%emt 00:00:28]} Bd8 {[%emt 00:01:18]} 53. Bc2 {[%emt
00:00:22]} Ba5 {[%emt 00:00:22]} 54. Bb3 {[%emt 00:02:14]} Bb6 {[%emt
00:00:13]} 55. Kd3 {[%emt 00:00:09]} Ba5 {[%emt 00:00:10]} 56. Kc4 {[%emt
00:00:25]} Bb6 {[%emt 00:02:02]} 57. Bc2 {[%emt 00:00:15]} Bd4 {[%emt
00:01:30]} 58. Be4 {[%emt 00:00:41]} Bb6 {[%emt 00:02:14]} 59. Kb5 {[%emt
00:00:12]} Be3 {[%emt 00:01:16]} 60. Kc4 {[%emt 00:02:27]} Bb6 {[%emt
00:00:18]} 61. Kxc3 {[%emt 00:00:30]} Kc5 {[%emt 00:00:06]} 62. Kd3 {[%emt
00:00:24]} Kb4 {[%emt 00:01:12]} 63. Bc6 {[%emt 00:00:12]} Kc5 {[%emt
00:00:04]} 64. Be8 {[%emt 00:00:06]} Kd5 {[%emt 00:01:17]} 65. Bf7+ {[%emt
00:00:05]} Kd6 {[%emt 00:00:14]} 66. Ke4 {[%emt 00:00:28]} Ke7 {[%emt
00:00:04]} 67. Bb3 {[%emt 00:00:13]} Kf6 {[%emt 00:00:28]} 68. Bc2 {[%emt
00:00:08]} Ba5 {[%emt 00:01:28]} 69. Kd5 {[%emt 00:00:06]} Bc3 {[%emt
00:01:16]} 70. Be4 {[%emt 00:00:48]} Kg5 {[%emt 00:00:21]} 71. Ke6 {[%emt
00:01:22]} Kf4 {[%emt 00:01:06]} 72. Bc2 {[%emt 00:01:13]} e4 {[%emt 00:00:49]}
73. f6 {[%emt 00:01:01]} e3 {[%emt 00:00:03]} 74. Bd1 {[%emt 00:02:01]} 1-0

[Event "XXVIII Torneo Magistral Internacional de Elgoibar"]
[Site "Elgoibar"]
[Date "2018.12.16"]
[Round "7.5"]
[White "Velten, Paul"]
[Black "Martinez Fernandez, Adrian"]
[Result "1/2-1/2"]
[WhiteTitle "GM"]
[BlackTitle "FM"]
[WhiteFideId "681091"]
[BlackFideId "32049048"]
[WhiteElo "2485"]
[BlackElo "2212"]

1. d4 {[%emt 05:57:29]} d5 2. Nf3 Nf6 3. Bf4 c5 4. e3 Nc6 5. Nc3 Bg4 6. dxc5 e6
7. h3 Bxf3 8. Qxf3 Bxc5 9. Bb5 {[%emt 00:02:54]} O-O {[%emt 00:02:50]} 10. O-O
{[%emt 00:00:23]} a6 {[%emt 00:06:25]} 11. Bxc6 {[%emt 00:00:37]} bxc6 {[%emt
00:00:07]} 12. Na4 {[%emt 00:00:09]} Bd6 {[%emt 00:01:26]} 13. c4 {[%emt
00:00:20]} Ne4 {[%emt 00:03:10]} 14. Rfd1 {[%emt 00:01:37]} Bxf4 {[%emt
00:04:06]} 15. Qxf4 {[%emt 00:00:43]} Qa5 {[%emt 00:02:37]} 16. b3 {[%emt
00:00:10]} Nc3 {[%emt 00:02:28]} 17. Nxc3 {[%emt 00:00:23]} Qxc3 {[%emt
00:00:08]} 18. Qd6 {[%emt 00:02:11]} dxc4 {[%emt 00:14:08]} 19. Qc5 {[%emt
00:09:21]} Rad8 {[%emt 00:08:10]} 20. bxc4 {[%emt 00:02:48]} Rxd1+ {[%emt
00:02:33]} 21. Rxd1 {[%emt 00:00:16]} Qc2 {[%emt 00:00:06]} 22. Rd6 {[%emt
00:04:49]} Qb1+ {[%emt 00:00:13]} 23. Kh2 {[%emt 00:00:09]} Qxa2 {[%emt
00:00:08]} 24. Rxc6 {[%emt 00:00:05]} h5 {[%emt 00:01:53]} 25. Kg3 {[%emt
00:17:54]} Qe2 {[%emt 00:03:24]} 26. Rc8 {[%emt 00:01:31]} h4+ {[%emt
00:01:42]} 27. Kh2 {[%emt 00:00:12]} Rxc8 {[%emt 00:00:06]} 28. Qxc8+ {[%emt
00:00:55]} Kh7 {[%emt 00:00:05]} 29. c5 {[%emt 00:04:55]} Qxf2 {[%emt
00:01:00]} 30. Qb8 {[%emt 00:00:05]} Qxe3 {[%emt 00:04:44]} 31. c6 {[%emt
00:03:17]} Qc5 {[%emt 00:06:27]} 32. c7 {[%emt 00:02:50]} Qe5+ {[%emt
00:00:07]} 33. Kg1 {[%emt 00:00:15]} Qe1+ {[%emt 00:00:07]} 1/2-1/2

[Event "XXVIII Torneo Magistral Internacional de Elgoibar"]
[Site "Elgoibar"]
[Date "2018.12.17"]
[Round "8.3"]
[White "Suarez Garcia, Carlos"]
[Black "Moreno Ruiz, Javier"]
[Result "0-1"]
[WhiteTitle "IM"]
[BlackTitle "IM"]
[WhiteFideId "22230858"]
[BlackFideId "2203146"]
[WhiteElo "2449"]
[BlackElo "2450"]

1. Nf3 {[%emt 00:29:06]} c5 {[%emt 00:01:44]} 2. b3 {[%emt 00:01:50]} Nc6
{[%emt 00:00:27]} 3. Bb2 {[%emt 00:00:04]} d6 {[%emt 00:00:22]} 4. e3 {[%emt
00:04:16]} e5 {[%emt 00:00:14]} 5. d4 {[%emt 00:00:06]} cxd4 {[%emt 00:00:17]}
6. exd4 {[%emt 00:00:06]} e4 {[%emt 00:00:05]} 7. Nfd2 {[%emt 00:01:02]} d5
{[%emt 00:00:29]} 8. c4 {[%emt 00:03:11]} Nf6 {[%emt 00:00:30]} 9. a3 {[%emt
00:10:09]} Bg4 {[%emt 00:05:28]} 10. Be2 {[%emt 00:00:25]} Bxe2 {[%emt
00:00:25]} 11. Qxe2 {[%emt 00:00:05]} Be7 {[%emt 00:00:09]} 12. cxd5 {[%emt
00:07:21]} Nxd5 {[%emt 00:07:01]} 13. Qxe4 {[%emt 00:04:28]} O-O {[%emt
00:00:50]} 14. O-O {[%emt 00:03:31]} Re8 {[%emt 00:01:48]} 15. Qf3 {[%emt
00:10:03]} Bf6 {[%emt 00:02:39]} 16. Nc3 {[%emt 00:00:05]} Nxd4 {[%emt
00:07:53]} 17. Qxd5 {[%emt 00:00:06]} Ne2+ {[%emt 00:00:18]} 18. Kh1 {[%emt
00:00:02]} Nxc3 {[%emt 00:05:46]} 19. Qxd8 {[%emt 00:00:08]} Raxd8 {[%emt
00:00:08]} 20. Nc4 {[%emt 00:00:19]} b5 {[%emt 00:06:49]} 21. Ne3 {[%emt
00:03:21]} Rd2 {[%emt 00:00:19]} 22. Bxc3 {[%emt 00:00:55]} Bxc3 {[%emt
00:00:05]} 23. Rad1 {[%emt 00:00:03]} Kf8 {[%emt 00:05:29]} 24. Nd5 {[%emt
00:02:55]} Rxd1 {[%emt 00:00:49]} 25. Rxd1 {[%emt 00:00:05]} Bb2 {[%emt
00:08:20]} 26. a4 {[%emt 00:09:51]} bxa4 {[%emt 00:00:19]} 27. bxa4 Re4 {[%emt
00:00:51]} 28. g3 {[%emt 00:03:25]} Rxa4 {[%emt 00:00:27]} 29. Rd3 {[%emt
00:00:20]} Rd4 {[%emt 00:12:18]} 30. Rb3 {[%emt 00:00:02]} Rxd5 {[%emt
00:00:08]} 31. Rb8+ {[%emt 00:00:33]} Ke7 {[%emt 00:00:16]} 32. Rxb2 {[%emt
00:00:05]} a5 {[%emt 00:03:02]} 33. Kg2 {[%emt 00:00:14]} a4 {[%emt 00:00:48]}
34. Kf3 {[%emt 00:00:02]} a3 {[%emt 00:01:27]} 35. Ra2 {[%emt 00:00:08]} Ra5
{[%emt 00:00:05]} 36. Ke4 {[%emt 00:00:03]} Kd6 {[%emt 00:00:13]} 37. Kd4
{[%emt 00:00:03]} Ra7 {[%emt 00:02:11]} 38. Kc4 {[%emt 00:00:08]} Ke5 {[%emt
00:00:53]} 39. f3 {[%emt 00:00:15]} g5 {[%emt 00:01:07]} 40. Re2+ {[%emt
00:01:19]} Kf5 {[%emt 00:00:12]} 41. Ra2 {[%emt 00:00:07]} h5 {[%emt 00:00:23]}
42. Kb4 {[%emt 00:00:19]} h4 {[%emt 00:01:14]} 43. Kc4 {[%emt 00:01:05]} hxg3
{[%emt 00:00:51]} 44. hxg3 {[%emt 00:00:05]} g4 {[%emt 00:00:05]} 45. Kd4
{[%emt 00:00:37]} gxf3 {[%emt 00:00:11]} 46. Ke3 {[%emt 00:00:03]} Ke5 {[%emt
00:00:45]} 47. Kd4+ {[%emt 00:00:01]} 0-1

[Event "XXVIII Torneo Magistral Internacional de Elgoibar"]
[Site "Elgoibar"]
[Date "2018.12.17"]
[Round "8.4"]
[White "Starostits, Ilmars"]
[Black "Ambartsumova, Karina"]
[Result "1/2-1/2"]
[WhiteTitle "GM"]
[BlackTitle "WGM"]
[WhiteFideId "11600748"]
[BlackFideId "4166299"]
[WhiteElo "2458"]
[BlackElo "2383"]

1. d4 {[%emt 00:29:12]} Nf6 {[%emt 00:00:32]} 2. Nf3 {[%emt 00:00:06]} e6
{[%emt 00:01:06]} 3. e3 {[%emt 00:00:07]} d5 {[%emt 00:01:40]} 4. Bd3 {[%emt
00:00:07]} c5 {[%emt 00:00:48]} 5. b3 {[%emt 00:00:21]} Be7 {[%emt 00:01:09]} 6.
Bb2 {[%emt 00:00:07]} O-O {[%emt 00:01:18]} 7. O-O {[%emt 00:00:09]} b6 {[%emt
00:00:09]} 8. Ne5 {[%emt 00:01:15]} Ba6 {[%emt 00:03:25]} 9. Nc6 {[%emt
00:05:08]} Nxc6 {[%emt 00:02:35]} 10. Bxa6 {[%emt 00:00:46]} Qc7 {[%emt
00:02:02]} 11. Be2 {[%emt 00:07:58]} Bd6 {[%emt 00:20:25]} 12. g3 {[%emt
00:04:39]} 1/2-1/2